Som tam, kde mi je dobre

Bibliographic Details
Main Authors: Lispuchová, Silvia (Author, Interviewer), Sarnovský, Ľuboš, 1975- (Author)
Format: Article
Language:Slovak
PhysicalDescription:Fotogr.
ISSN:0139-7451
Subjects:

MARC

LEADER 00000nab a2200000 ar4500
001 vtls009938016
003 SK-MaSNL
005 20260303045034.0
008 090810c2009 xo wr|p|||||||000 b|slo
015 |a SNBRB2009/08  |2 snkbucl 
038 |a SNKBUCL 
040 |a SNKBUCL  |b slo  |c SNKBUCL  |e AACR2 
041 |a slo 
044 |a xo  |c SK 
080 |a 7.097.071.2  |2 1997 
100 1 |a Lispuchová, Silvia  |4 aut  |4 ivr  |9 1035038 
245 1 0 |a Som tam, kde mi je dobre  |c Silvia Lispuchová, Ľuboš Sarnovský 
300 |b Fotogr. 
600 1 7 |a Sarnovský, Ľuboš,  |d 1975-  |2 snkbucl  |9 869953 
655 7 |a rozhovory  |2 snkbucl  |9 31831 
700 1 |a Sarnovský, Ľuboš,  |d 1975-  |4 aut  |4 ive  |9 869953 
773 0 |t Eurotelevízia  |g Roč. 19, č. 27 (2009), s. 6-9  |x 0139-7451 
852 |a SNK  |b KIS3GCP 
958 |a BX 
999 |c 1702345  |d 1704275